[Event "BIH-chT 20th"]
[Site "Neum"]
[Date "2022.09.14"]
[Round "5.4"]
[White "Ramoutar, Alan Safar"]
[Black "Vlatkovic, Milos"]
[Result "1-0"]
[WhiteElo "2449"]
[BlackElo "2317"]
[PlyCount "91"]
[EventDate "2022.09.10"]
[EventType "team-tourn"]
[EventRounds "9"]
[EventCountry "BIH"]
[SourceTitle "CBM 210 Extra"]
[Source "ChessBase"]
[SourceDate "2022.11.30"]
[SourceVersion "1"]
[SourceVersionDate "2022.11.30"]
[SourceQuality "1"]
[WhiteTeam "Pazaric Bjelasnica"]
[BlackTeam "Busovaca Hrasno"]
[WhiteTeamCountry "BIH"]
[BlackTeamCountry "BIH"]

1. e4 e5 2. Nf3 Nf6 3. Nxe5 d6 4. Nf3 Nxe4 5. Nc3 Nxc3 6. dxc3 Be7 7. Be3 Nc6 8. Qd2 Be6 9. 0-0-0 Qd7 10. Kb1 Bf6 11. h4 0-0-0 12. Nd4 Nxd4 13. Bxd4 Be5 14. Qe3 Qc6 15. Bxa7 Rhe8 16. Bd4 Bf6 17. Qd2 Qd5 18. b3 Bxd4 19. Qxd4 Qxd4 20. cxd4 Bf5 21. h5 h6 22. Rh4 Re7 23. Rf4 Bh7 24. Bd3 Bxd3 25. Rxd3 Re1+ 26. Kb2 Rd7 27. Rg3 f6 28. Re3 Rxe3 29. fxe3 Re7 30. e4 Kd7 31. Kc3 Ke6 32. Kd3 c6 33. c4 Kf7 34. a4 b6 35. Rf5 Rb7 36. b4 Ke6 37. Kc3 Ra7 38. a5 bxa5 39. Rxa5 Rc7 40. d5+ cxd5 41. exd5+ Kf5 42. c5 dxc5 43. bxc5 Ke5 44. Kc4 Rb7 45. Ra8 Re7 46. d6 1-0

[Event "MNT Team Cup"]
[Site "Herceg Novi"]
[Date "2022.05.21"]
[Round "3.4"]
[White "Loncar, Milenko"]
[Black "Vlatkovic, Milos"]
[Result "1-0"]
[WhiteElo "1990"]
[BlackElo "2331"]
[PlyCount "191"]
[EventDate "2022.05.20"]
[EventType "swiss"]
[EventRounds "5"]
[EventCountry "MNE"]
[SourceTitle "CBM 208 Extra"]
[Source "ChessBase"]
[SourceDate "2022.07.31"]
[SourceVersion "1"]
[SourceVersionDate "2022.07.31"]
[SourceQuality "1"]

1. Nf3 Nf6 2. g3 b6 3. Bg2 Bb7 4. 0-0 e6 5. d3 Be7 6. c4 0-0 7. Bd2 d5 8. cxd5 exd5 9. Nc3 c5 10. Qc2 Nc6 11. Rac1 Re8 12. Rfe1 h6 13. Bf4 Bf8 14. e4 d4 15. Ne2 Nb4 16. Qb1 Ba6 17. Rcd1 g5 18. Bc1 Rc8 19. h4 g4 20. Nh2 Qd7 21. Nf4 Nc6 22. f3 Ne5 23. b3 gxf3 24. Bh3 Qd6 25. Rf1 Rcd8 26. Nxf3 Bc8 27. Nxe5 Qxe5 28. Bxc8 Rxc8 29. Qc2 b5 30. Qf2 Bg7 31. Ne2 Qh5 32. Qf3 Qxf3 33. Rxf3 Ng4 34. Kg2 c4 35. Rf4 Ne5 36. dxc4 d3 37. Nd4 bxc4 38. Nf5 c3 39. Nd6 Red8 40. Nxc8 Rxc8 41. Kf2 d2 42. Bxd2 Nd3+ 43. Ke2 c2 44. Rdf1 c1Q 45. Bxc1 Nxc1+ 46. Kd2 Nxa2 47. Rxf7 a5 48. Rb7 Nb4 49. Rf4 Rd8+ 50. Ke2 h5 51. Rf5 Nc6 52. Rg5 Nd4+ 53. Ke3 Ne6 54. Re5 Bh6+ 55. Kf3 Rd3+ 56. Kg2 Rd2+ 57. Kh3 Ng7 58. Rd5 Re2 59. Rd8+ Kh7 60. Rd5 Kg8 61. Rd6 Kh7 62. Re6 Be3 63. g4 hxg4+ 64. Kxg4 Bh6 65. b4 Rg2+ 66. Kf3 Rh2 67. Kg3 Rb2 68. b5 Rb1 69. h5 Rh1 70. Kg4 Rg1+ 71. Kf3 Rh1 72. Re5 Kg8 73. Kg2 Rh4 74. Kg3 Rh1 75. Rd5 Rb1 76. Kf2 Rh1 77. Rd8+ Kh7 78. Rd5 Kg8 79. b6 Rb1 80. Rd6 Kh7 81. Rbd7 Rb2+ 82. Ke1 Rb4 83. Re7 Bg5 84. Red7 Rxe4+ 85. Kd1 Rb4 86. Rg6 Bh6 87. b7 Rb2 88. Re7 Rd2+ 89. Ke1 Rb2 90. Rd7 Bd2+ 91. Ke2 Bh6+ 92. Kf3 Rb4 93. Ke2 Rb3 94. Re6 Bg5 95. Rg6 Bh6 96. Rc6 1-0

[Event "MNT-chT 1st League"]
[Site "Sutomore"]
[Date "2021.08.01"]
[Round "2.1"]
[White "Vujovic, Savo"]
[Black "Vlatkovic, Milos"]
[Result "0-1"]
[WhiteElo "2145"]
[BlackElo "2315"]
[PlyCount "168"]
[EventDate "2021.07.31"]
[EventType "team-tourn"]
[EventRounds "9"]
[EventCountry "MNE"]
[SourceTitle "EXT 2022"]
[Source "ChessBase"]
[SourceDate "2021.10.06"]
[SourceVersion "1"]
[SourceVersionDate "2021.10.06"]
[SourceQuality "1"]
[WhiteTeam "Crnogorac"]
[BlackTeam "Mimoza"]
[WhiteTeamCountry "MNE"]
[BlackTeamCountry "MNE"]

1. e4 e5 2. Nf3 Nf6 3. Nxe5 d6 4. Nf3 Nxe4 5. d4 d5 6. Bd3 Bd6 7. 0-0 0-0 8. c4 c6 9. Re1 Re8 10. Nc3 Nxc3 11. bxc3 Bg4 12. Bg5 Rxe1+ 13. Qxe1 f6 14. Bh4 Nd7 15. Qb1 dxc4 16. Bxh7+ Kh8 17. Bf5 Bxf5 18. Qxf5 Nf8 19. Re1 Qd7 20. Qh5+ Kg8 21. Nd2 b5 22. Ne4 Nh7 23. Re3 Rd8 24. Bg3 Bf8 25. Nc5 Qf7 26. Qxf7+ Kxf7 27. Nb7 Rd7 28. Na5 c5 29. Nc6 cxd4 30. Nxd4 Bc5 31. Kf1 Bxd4 32. cxd4 b4 33. d5 Rxd5 34. Re4 c3 35. Rxb4 c2 36. Rb7+ Kg6 37. Bf4 Rd1+ 38. Ke2 c1Q 39. Bxc1 Rxc1 40. Rxa7 Ra1 41. h4 Nf8 42. g4 Ne6 43. Ke3 Re1+ 44. Kd2 Rg1 45. f3 Nf4 46. Ke3 Nd5+ 47. Kf2 Ra1 48. Kg3 Nc3 49. Ra3 Ne2+ 50. Kh3 Rh1+ 51. Kg2 Rxh4 52. Ra8 Rh7 53. a4 Kg5 54. Ra7 Nf4+ 55. Kg1 Nd3 56. Kg2 Kf4 57. Rb7 Kg5 58. a5 Kh6 59. Rb1 Nf4+ 60. Kf2 Kg6 61. Ke3 Ne6 62. Rb6 Rh1 63. f4 Nc7 64. f5+ Kg5 65. Rb7 Ne8 66. Kf3 Rh3+ 67. Kg2 Ra3 68. Re7 Kxg4 69. Rxe8 Ra2+ 70. Kf1 Kxf5 71. Ra8 Kf4 72. Ra6 Kf5 73. Kg1 g5 74. Kf1 g4 75. Kg1 Kg5 76. Kf1 f5 77. Ra8 Kf4 78. Rb8 Rxa5 79. Rb4+ Kg5 80. Rb2 f4 81. Kf2 g3+ 82. Kf3 Ra3+ 83. Ke4 Re3+ 84. Kd4 Re8 0-1

[Event "MNT-chT"]
[Site "Podgorica"]
[Date "2020.10.10"]
[Round "2.2"]
[White "Scekic, Veljko"]
[Black "Vlatkovic, Milos"]
[Result "1/2-1/2"]
[WhiteElo "2219"]
[BlackElo "2314"]
[PlyCount "20"]
[EventDate "2020.10.09"]
[EventType "team-tourn"]
[EventRounds "9"]
[EventCountry "MNE"]
[SourceTitle "CBM 198 Extra"]
[Source "ChessBase"]
[SourceDate "2020.11.30"]
[SourceVersion "1"]
[SourceVersionDate "2020.11.30"]
[SourceQuality "1"]
[WhiteTeam "Herceg Novi"]
[BlackTeam "Mimoza"]
[WhiteTeamCountry "MNE"]
[BlackTeamCountry "MNE"]

1. Nf3 Nf6 2. c4 e6 3. b3 b6 4. g3 Bb7 5. Bg2 Be7 6. 0-0 0-0 7. Bb2 c5 8. d4 d6 9. Nc3 Nbd7 10. e3 Ne4 1/2-1/2

[Event "MNT-chT 1st League"]
[Site "Podgorica"]
[Date "2019.07.27"]
[Round "8.2"]
[White "Kosic, Dragan"]
[Black "Vlatkovic, Milos"]
[Result "1-0"]
[WhiteElo "2482"]
[BlackElo "2308"]
[PlyCount "49"]
[EventDate "2019.07.20"]
[EventType "team-tourn"]
[EventRounds "9"]
[EventCountry "MNE"]
[SourceTitle "EXT 2020"]
[Source "ChessBase"]
[SourceDate "2019.10.17"]
[SourceVersion "1"]
[SourceVersionDate "2019.10.17"]
[SourceQuality "1"]
[WhiteTeam "Crnogorac"]
[BlackTeam "Kotor"]
[WhiteTeamCountry "MNE"]
[BlackTeamCountry "MNE"]

1. d4 Nf6 2. Nf3 e6 3. c4 Bb4+ 4. Nbd2 b6 5. a3 Bxd2+ 6. Qxd2 a5 7. b3 Bb7 8. e3 0-0 9. Be2 d6 10. Bb2 Nbd7 11. 0-0 Ne4 12. Qc2 f5 13. d5 e5 14. Nd2 Nxd2 15. Qxd2 Nc5 16. Qc2 a4 17. b4 Nb3 18. Rad1 f4 19. exf4 Rxf4 20. g3 Rf8 21. Bd3 h6 22. f4 exf4 23. Bh7+ Kh8 24. Qg6 Qe7 25. Rde1 1-0

[Event "MNT-chT 1st League"]
[Site "Podgorica"]
[Date "2019.07.26"]
[Round "7.2"]
[White "Vlatkovic, Milos"]
[Black "Nikcevic, Nebojsa"]
[Result "1/2-1/2"]
[WhiteElo "2308"]
[BlackElo "2407"]
[PlyCount "35"]
[EventDate "2019.07.20"]
[EventType "team-tourn"]
[EventRounds "9"]
[EventCountry "MNE"]
[SourceTitle "EXT 2020"]
[Source "ChessBase"]
[SourceDate "2019.10.17"]
[SourceVersion "1"]
[SourceVersionDate "2019.10.17"]
[SourceQuality "1"]
[WhiteTeam "Kotor"]
[BlackTeam "Prosvjeta"]
[WhiteTeamCountry "MNE"]
[BlackTeamCountry "MNE"]

1. d4 Nf6 2. Nf3 b6 3. Bg5 Bb7 4. Nbd2 c5 5. e3 e6 6. c3 Be7 7. Bd3 h6 8. Bh4 cxd4 9. Bxf6 Bxf6 10. exd4 Qc7 11. Qe2 a6 12. a4 g6 13. Be4 0-0 14. Bxb7 Qxb7 15. Nc4 Nc6 16. 0-0 Ne7 17. Nfe5 Ra7 18. Ra3 1/2-1/2

[Event "BIH-chT 18th"]
[Site "Tuzla"]
[Date "2019.06.08"]
[Round "1.3"]
[White "Pandurevic, Miro"]
[Black "Vlatkovic, Milos"]
[Result "0-1"]
[WhiteElo "2221"]
[BlackElo "2312"]
[PlyCount "66"]
[EventDate "2019.06.08"]
[EventType "team-tourn"]
[EventRounds "9"]
[EventCountry "BIH"]
[SourceTitle "CBM 190 Extra"]
[Source "ChessBase"]
[SourceDate "2019.07.15"]
[SourceVersion "1"]
[SourceVersionDate "2019.07.15"]
[SourceQuality "1"]
[WhiteTeam "Samac"]
[BlackTeam "Trebinje Leotar"]
[WhiteTeamCountry "BIH"]
[BlackTeamCountry "BIH"]

1. Nf3 Nf6 2. g3 b5 3. Bg2 Bb7 4. 0-0 c5 5. d3 d6 6. e4 g6 7. Nc3 b4 8. Ne2 Bg7 9. Nh4 Qb6 10. h3 Nbd7 11. f4 c4+ 12. Kh2 0-0 13. g4 cxd3 14. cxd3 Nc5 15. Ng3 Qa6 16. g5 Nfd7 17. d4 Nd3 18. Be3 Nxb2 19. Qg4 Nc4 20. Bg1 Ncb6 21. Nhf5 gxf5 22. Nxf5 Rae8 23. Nxg7 Kxg7 24. d5 e5 25. dxe6 fxe6 26. Rac1 Qxa2 27. Rc7 Bxe4 28. Bd4+ Kg8 29. Rf2 Qd5 30. Bxb6 Nxb6 31. Qh5 Bg6 32. Qh6 Qd4 33. Kg1 Rxf4 0-1

[Event "Srpska Republic-chT 1st League"]
[Site "Banja Dvorovi"]
[Date "2018.08.09"]
[Round "6.2"]
[White "Borojevic, Dragoljub"]
[Black "Vlatkovic, Milos"]
[Result "0-1"]
[WhiteElo "2229"]
[BlackElo "2282"]
[PlyCount "42"]
[EventDate "2018.08.04"]
[EventType "team-tourn"]
[EventRounds "9"]
[EventCountry "BIH"]
[SourceTitle "CBM 186 Extra"]
[Source "ChessBase"]
[SourceDate "2018.08.24"]
[SourceVersion "1"]
[SourceVersionDate "2018.08.24"]
[SourceQuality "1"]
[WhiteTeam "Zvornik Drina"]
[BlackTeam "Trebinje Leotar"]
[WhiteTeamCountry "BIH"]
[BlackTeamCountry "BIH"]

1. e4 c6 2. c4 d5 3. Nc3 dxe4 4. Nxe4 Nf6 5. Nxf6+ exf6 6. Nf3 Bd6 7. d4 0-0 8. a3 Re8+ 9. Be2 Qe7 10. h3 Nd7 11. b4 a5 12. bxa5 Rxa5 13. Qd2 Bb4 14. axb4 Rxa1 15. 0-0 Qxe2 16. Re1 Qxd2 17. Rxe8+ Nf8 18. Nxd2 Rxc1+ 19. Kh2 Be6 20. b5 Bxc4 21. bxc6 bxc6 0-1

[Event "Sarajevo Bosna op 48th"]
[Site "Sarajevo"]
[Date "2018.05.09"]
[Round "7"]
[White "Vlatkovic, Milos"]
[Black "Nestorovic, Katarina"]
[Result "1/2-1/2"]
[WhiteElo "2318"]
[BlackElo "2038"]
[PlyCount "68"]
[EventDate "2018.05.05"]
[EventType "swiss"]
[EventRounds "9"]
[EventCountry "BIH"]
[SourceTitle "CBM 184 Extra"]
[Source "ChessBase"]
[SourceDate "2018.06.28"]
[SourceVersion "1"]
[SourceVersionDate "2018.06.28"]
[SourceQuality "1"]

1. d4 Nf6 2. Nf3 e6 3. Bg5 c5 4. e3 Nc6 5. Nbd2 d5 6. c3 Qb6 7. Rb1 Be7 8. Bd3 0-0 9. Ne5 Nd7 10. Bxe7 Nxe7 11. f4 Nxe5 12. fxe5 Bd7 13. Qh5 g6 14. Qg5 Nf5 15. g4 Ng7 16. 0-0 Bb5 17. Bxb5 Qxb5 18. Nf3 Ne8 19. Qh6 f5 20. Ng5 Qd7 21. gxf5 Rxf5 22. e4 dxe4 23. Rxf5 exf5 24. d5 Qg7 25. Qh4 Nc7 26. d6 h6 27. dxc7 hxg5 28. Qxg5 Qxc7 29. Rd1 Qxe5 30. Rd7 Qe6 31. Rxb7 Qd6 32. Qh6 Qd1+ 33. Kg2 Qf3+ 34. Kg1 Qd1+ 1/2-1/2

[Event "MNT-chT"]
[Site "Montenegro"]
[Date "2017.09.24"]
[Round "2.3"]
[White "Vlatkovic, Milos"]
[Black "Kosic, Dragan"]
[Result "1/2-1/2"]
[WhiteElo "2334"]
[BlackElo "2490"]
[PlyCount "85"]
[EventDate "2017.09.23"]
[EventType "team"]
[EventRounds "9"]
[EventCountry "MNE"]
[SourceTitle "CBM 180 Extra"]
[Source "ChessBase"]
[SourceDate "2017.10.06"]
[SourceVersion "1"]
[SourceVersionDate "2017.10.06"]
[SourceQuality "1"]
[WhiteTeam "Kotor"]
[BlackTeam "Crnogorac"]
[WhiteTeamCountry "MNE"]
[BlackTeamCountry "MNE"]

1. d4 e6 2. c4 Bb4+ 3. Bd2 a5 4. Nf3 Nf6 5. g3 c5 6. dxc5 Bxc5 7. e3 Nc6 8. Bg2 0-0 9. 0-0 h6 10. Bc3 d6 11. Nbd2 e5 12. Qc2 Be6 13. Rad1 Qb6 14. h3 Rac8 15. b3 Ne7 16. Rfe1 Ng6 17. Qb2 Bb4 18. e4 Bxc3 19. Qxc3 d5 20. exd5 Nxd5 21. Qb2 Nb4 22. Ne4 Rcd8 23. Qe2 f5 24. c5 Qc7 25. Nd6 Nc6 26. Nb5 Qe7 27. Nfd4 Bd7 28. Nxc6 Bxc6 29. Bxc6 bxc6 30. Nd6 e4 31. f4 Rf6 32. Qe3 Kh7 33. Nc4 Rd5 34. Nb6 Rxd1 35. Rxd1 Nf8 36. Nc4 Nd7 37. Rd6 Rxd6 38. cxd6 Qe6 39. Qd4 c5 40. Qc3 Qd5 41. Qxa5 Qd1+ 42. Kg2 Qd5 43. Qd2 1/2-1/2